Shows of the 2000s Quiz Stats

 Plays Quiz not verified by Sporcle

Also try: Emmy - Drama Actor
Challenge
Share
Tweet
Embed
Score 0/21 Timer 08:00
0 Plays Today
Main Characters Show % Correct
Leonard Hofstadter, Sheldon Cooper, PennyThe Big Bang Theory
89.4%
Clark Kent, Chloe Sullivan, Lana Lang, Lex LuthorSmallville
87.2%
Gregory House, Eric Foreman, James Wilson, Robert ChaseHouse
87.2%
Ted Moseby, Marshall Eriksen, Barney Stinson, Robin Scherbatsky, Lily AldrinHow I Met Your Mother
85.1%
Christopher Turk, Perry Cox, Bob Kelso, John 'J.D.' DorianScrubs
76.6%
Alan Harper, Jake Harper, Charlie Harper/Walden SchmidtTwo and a Half Men
74.5%
Sam Winchester, Dean WinchesterSupernatural
66%
Rick Grimes, Lori Grimes, Carl Grimes, Andrea, GlennThe Walking Dead
51.1%
Shawn Spencer, Burton Guster, Carlton Lassiter, Juliet O'HaraPsych
42.6%
Michael Westen, Fiona Glenanne, Sam AxeBurn Notice
40.4%
Hennessy Family(Cate,Bridget,Kerry,Rory)8 Simple Rules
36.2%
Main Characters Show % Correct
Olivia Dunham, Peter Bishop, Walter BishopFringe
36.2%
Kyle Family(Michael,Jay,Michael Jr.,Kady,Claire)My Wife and Kids
27.7%
John Reese, Harold FinchPerson of Interest
23.4%
Nick Burkhardt, Juliette Silverton, Eddie Monroe Grimm
21.3%
Baxter Family(Mike,Vanessa,Kristin,Mandy,Eve)Last Man Standing
19.1%
Jim, Andy, Cheryl, Rubie, Gracie, DanaAccording to Jim
19.1%
Audrey, Jeff, Adam, Jennifer, Russell, TimmyRules of Engagement
17%
Bill Miller, Judy Miller, Linda MichaelsStill Standing
12.8%
Pete Lattimer, Myka Bering, Artie Nielsen, Claudia DonovanWarehouse 13
10.6%
Milo, Tyler, Neil, GibbsMen at Work
4.3%

You're not logged in!

Compare scores with friends on all Sporcle quizzes.
Join for Free
OR
Log In

You Might Also Like...

Show Comments

Extras

Created Jul 14, 2012ReportNominate
Tags:Show Quiz, 2000, character, genre, present

Top Quizzes Today


Score Distribution

Your Account Isn't Verified!

In order to create a playlist on Sporcle, you need to verify the email address you used during registration. Go to your Sporcle Settings to finish the process.

Report this User

Report this user for behavior that violates our Community Guidelines.

Details: